<?xml version="1.0" encoding="UTF-8"?><?xml-stylesheet type="text/xsl" href="static/style.xsl"?><OAI-PMH xmlns="http://www.openarchives.org/OAI/2.0/" xmlns:xsi="http://www.w3.org/2001/XMLSchema-instance" xsi:schemaLocation="http://www.openarchives.org/OAI/2.0/ http://www.openarchives.org/OAI/2.0/OAI-PMH.xsd"><responseDate>2026-04-29T10:09:06Z</responseDate><request verb="GetRecord" identifier="oai:riubu.ubu.es:10259/9314" metadataPrefix="marc">https://riubu.ubu.es/oai/request</request><GetRecord><record><header><identifier>oai:riubu.ubu.es:10259/9314</identifier><datestamp>2024-06-25T00:05:14Z</datestamp><setSpec>com_10259_5088</setSpec><setSpec>com_10259_2728</setSpec><setSpec>col_10259_9313</setSpec></header><metadata><record xmlns="http://www.loc.gov/MARC21/slim" xmlns:doc="http://www.lyncode.com/xoai" xmlns:xsi="http://www.w3.org/2001/XMLSchema-instance" xmlns:dcterms="http://purl.org/dc/terms/" xsi:schemaLocation="http://www.loc.gov/MARC21/slim http://www.loc.gov/standards/marcxml/schema/MARC21slim.xsd">
<leader>00925njm 22002777a 4500</leader>
<datafield tag="042" ind1=" " ind2=" ">
<subfield code="a">dc</subfield>
</datafield>
<datafield tag="720" ind1=" " ind2=" ">
<subfield code="a">Dumitrasoaie, Petronela Roxana</subfield>
<subfield code="e">author</subfield>
</datafield>
<datafield tag="520" ind1=" " ind2=" ">
<subfield code="a">En respuesta al crecimiento del comercio electrónico y al aumento de la inmigración en España, surgen&#xd;
oportunidades en varios sectores, incluyendo el mercado de productos alimentarios de Europa del Este.&#xd;
EastMarket se establece como una plataforma digital diseñada para facilitar la adquisición de una&#xd;
diversidad de productos alimentarios originarios de países balcánicos como Rumanía, Ucrania, Bulgaria&#xd;
y Hungría. Este trabajo de fin de máster tiene como objetivo realizar un análisis exhaustivo de todas las&#xd;
variables pertinentes para su lanzamiento, abarcando desde el estudio de mercado para evaluar si existe&#xd;
una demanda suficiente hasta la estrategia de marketing, el plan económico-financiero, el plan de&#xd;
operaciones, el plan de implementación y el plan de contingencias. Finalmente, se presentarán las&#xd;
conclusiones. El propósito principal es evaluar la verdadera viabilidad económica y financiera de&#xd;
EastMarket y asegurar su éxito en un mercado cada vez más competitivo.</subfield>
</datafield>
<datafield tag="520" ind1=" " ind2=" ">
<subfield code="a">In response to the growth of e-commerce and the increase of immigration in Spain, opportunities arise&#xd;
in several sectors, including the market for food products from Eastern Europe. EastMarket is&#xd;
established as a digital platform designed to facilitate the acquisition of a diversity of food products&#xd;
originating from Balkan countries such as Romania, Ukraine, Bulgaria and Hungary. This master's thesis&#xd;
aims to perform an exhaustive analysis of all the variables relevant to its launch, ranging from market&#xd;
research to assess whether there is sufficient demand to the marketing strategy, the economic-financial&#xd;
plan, the operations plan, the implementation plan and the contingency plan. Finally, the conclusions&#xd;
will be presented. The main purpose is to evaluate the true economic and financial viability of&#xd;
EastMarket and to ensure its success in an increasingly competitive market.</subfield>
</datafield>
<datafield tag="024" ind2=" " ind1="8">
<subfield code="a">http://hdl.handle.net/10259/9314</subfield>
</datafield>
<datafield ind1=" " ind2=" " tag="653">
<subfield code="a">Plan de empresa</subfield>
</datafield>
<datafield ind1=" " ind2=" " tag="653">
<subfield code="a">Comercio electrónico</subfield>
</datafield>
<datafield ind1=" " ind2=" " tag="653">
<subfield code="a">Sector alimentario Europa del Este</subfield>
</datafield>
<datafield ind1=" " ind2=" " tag="653">
<subfield code="a">Página web</subfield>
</datafield>
<datafield ind1=" " ind2=" " tag="653">
<subfield code="a">Venta al por menor</subfield>
</datafield>
<datafield ind1=" " ind2=" " tag="653">
<subfield code="a">Business plan</subfield>
</datafield>
<datafield ind1=" " ind2=" " tag="653">
<subfield code="a">E-commerce</subfield>
</datafield>
<datafield ind1=" " ind2=" " tag="653">
<subfield code="a">Eastern European food sector</subfield>
</datafield>
<datafield ind1=" " ind2=" " tag="653">
<subfield code="a">Website</subfield>
</datafield>
<datafield ind1=" " ind2=" " tag="653">
<subfield code="a">Retail</subfield>
</datafield>
<datafield tag="245" ind1="0" ind2="0">
<subfield code="a">EastMarket: modelo de negocio online de venta de productos alimentarios de Europa del Este</subfield>
</datafield>
</record></metadata></record></GetRecord></OAI-PMH>